Sports Quiz

Random Sports Quiz

Wrestling Observer Award Winners & Runner Ups (2011 A) Quiz Stats

Quiz not verified by Sporcle

Challenge
Share
Tweet
Embed
Score 0/227 Timer 15:00
0 Plays Today
% Correct
CM Punk
95.7%
John Cena
95.7%
CM Punk
95.7%
John Cena
95.7%
CM Punk
95.7%
John Cena v.s. CM Punk
95.7%
CM Punk
95.7%
John Cena
95.7%
CM Punk
95.7%
CM Punk
95.7%
CM Punk
95.7%
John Cena v.s. CM Punk
95.7%
Daniel Bryan
88.6%
Daniel Bryan
88.6%
Kevin Steen v.s. ROH
87.1%
Kevin Steen
85.7%
Kevin Steen
85.7%
Kevin Steen
85.7%
Kevin Steen v.s. El Generico
84.3%
Daniel Bryan
82.9%
Triple H v.s. The Undertaker
80%
Randy Orton
78.6%
Randy Orton v.s. Christian
78.6%
Randy Orton
78.6%
Triple H
78.6%
Randy Orton
78.6%
El Generico
77.1%
El Generico
77.1%
World Wrestling Entertainment
77.1%
New Japan Pro Wrestling
74.3%
G1 Finals
74.3%
Ring of Honor
72.9%
Final Battle
71.4%
Best in the World
71.4%
The Miz
70%
Michael Cole
70%
Michael Cole
70%
Jerry Lawler
67.1%
Rey Mysterio
65.7%
Blood Warriors v.s. Junction Three
64.3%
The Briscoe Brothers v.s. All Night Express
64.3%
Wade Barrett
64.3%
Christian
62.9%
Ultimate Fighting Championships
62.9%
Jim Ross
62.9%
UFC 139
62.9%
UFC 129
62.9%
Hiroshi Tanahashi
60%
Hiroshi Tanahashi
60%
Hiroshi Tanahashi
60%
Hiroshi Tanahashi v.s. Tetsuya Naito
60%
Hiroshi Tanahashi v.s. Yuji Nagata
60%
The Rock
58.6%
The Rock
58.6%
The Rock
58.6%
The Rock
58.6%
Kurt Angle
58.6%
Anderson Silva
57.1%
Dolph Ziggler
57.1%
Anderson Silva
57.1%
Anderson Silva
57.1%
The Briscoe Brothers
57.1%
Dolph Ziggler
57.1%
The Briscoe Brothers
57.1%
Dolph Ziggler
57.1%
The Briscoe Brothers
57.1%
Dolph Ziggler
57.1%
The Young Bucks
55.7%
Apollo 55
55.7%
Air Boom
55.7%
Sheamus
55.7%
Jeff Hardy
55.7%
Beer Money
54.3%
Mark Henry
50%
Mark Henry v.s. The Big Show
50%
Bad Intentions
50%
% Correct
Mark Henry
50%
Cody Rhodes
50%
Mark Henry
50%
Mark Henry
50%
Mr Anderson
50%
Booker T
50%
Yuji Nagata
48.6%
Vickie Guerrero
48.6%
Taz
48.6%
Mike Tenay
48.6%
Jon Jones
47.1%
Prince Devitt
47.1%
Jon Jones
47.1%
Jon Jones
47.1%
Prince Devitt
47.1%
Prince Devitt
47.1%
Sin Cara
45.7%
Sin Cara
45.7%
Kevin Nash
45.7%
Evan Bourne
44.3%
Tetsuya Naito
42.9%
John Morrison
42.9%
All Japan Pro Wrestling
42.9%
Ric Flair
41.4%
WrestleMania 27
41.4%
CIMA & Ricochet
40%
Ricochet
40%
Ricochet
40%
Pac
40%
Davey Richards
35.7%
Davey Richards
35.7%
Davey Richards v.s. Eddie Edwards
35.7%
Wrestling's Greatest Tag Team
35.7%
Davey Richards
35.7%
Eddie Edwards v.s. Davey Richards
35.7%
Kevin Kelly
35.7%
Georges St Pierre
34.3%
Eddie Edwards
34.3%
Georges St Pierre
34.3%
Georges St Pierre
34.3%
Georges St Pierre
34.3%
Eddie Edwards
34.3%
Consejo Mundial de Lucha Libre
34.3%
Joe Rogan
34.3%
Kota Ibushi
32.9%
Pro Wrestling Guerrilla
32.9%
Kota Ibushi v.s. Ryusuke Taguchi
32.9%
William Regal
32.9%
PWG DDT
32.9%
Zack Ryder
31.4%
Zack Ryder
31.4%
Tyson Kidd
31.4%
Cain Velasquez
30%
Cain Velasquez
30%
Jack Swagger
30%
Josh Matthews
30%
Josh Matthews
30%
Matt Striker
30%
Georges St Pierre v.s. Josh Koscheck
28.6%
Bully Ray
28.6%
Bully Ray
28.6%
Jimmy Smith
27.1%
Drew McIntyre
25.7%
Dark Dragon
25.7%
Karen Jarrett
25.7%
Money in the Bank
25.7%
Chikara
24.3%
Chikara High Noon
24.3%
Zack Sabre Jr
22.9%
Dragon Gate
22.9%
Matt Morgan
21.4%
Nigel McGuinness
21.4%
Mauro Ranallo
21.4%
Gus Johnson
21.4%
Jose Aldo Jr
20%
Jose Aldo Jr v.s. Mark Hominick
20%
% Correct
Jim Cornette
20%
Steve Austin
18.6%
Archibald Peck
18.6%
RD Evans
18.6%
Mike Goldberg
18.6%
Nick Diaz
17.1%
Nick Diaz
17.1%
Nick Diaz
17.1%
Alex Shelley
17.1%
Nick Diaz v.s. Paul Daley
17.1%
Ricardo Rodriguez
17.1%
Mason Ryan
15.7%
Yoshi Tatsu
15.7%
Bellator
15.7%
Takumi Soya
15.7%
Dragon Lee
15.7%
Fedor Emelianenko v.s. Dan Henderson
14.3%
Dan Henderson
12.9%
Chael Sonnen
12.9%
Dan Henderson
12.9%
Ben Henderson
12.9%
Michael Bisping v.s. Jason Miller
12.9%
Chael Sonnen
12.9%
Chael Sonnen
12.9%
Crimson
12.9%
Dan Henderson v.s. Shogun Rua
12.9%
Ben Henderson v.s. Clay Guida
12.9%
Ben Henderson v.s. Anthony Pettis
12.9%
Urijah Faber
11.4%
Dominick Cruz
11.4%
Urijah Faber v.s. Dominick Cruz
11.4%
Uhaa Nation
11.4%
Teddy Long
11.4%
Clay Guida
10%
Chris Masters
10%
John Laurinaitis
10%
Todd Grisham
10%
Mike Quackenbush
8.6%
Jun Akiyama v.s. Suwama
8.6%
Fenix
8.6%
L.A. Parka
7.1%
Junior Dos Santos
7.1%
Junior Dos Santos
7.1%
L.A. Park
7.1%
Kyle O'Reilly
7.1%
L.A. Park
7.1%
L.A. Park
7.1%
Tommaso Ciampa
7.1%
Seiya Sanada & Manabu Soya v.s. Daisuke Sekimoto & Yuji Okabayashi
5.7%
Seiya Sanada & Manabu Soya
5.7%
Seiya Sanada
5.7%
Tama Tonga
5.7%
Frankie Edgar
4.3%
Frankie Edgar
4.3%
Daisuke Sekimoto & Yuji Okabayashi
4.3%
Togi Makabe
4.3%
Frankie Edgar v.s. Gray Maynard
4.3%
Diego Sanchez v.s. Martin Kampmann
4.3%
Truth Martini
4.3%
Scott Stanford
4.3%
Averno
2.9%
Averno
2.9%
Averno v.s. La Sombra
2.9%
Masaaki Mochizuki
1.4%
Akira Tozawa
1.4%
Sami Callihan
1.4%
Masato Tanaka
1.4%
La Sombra
1.4%
Eddie Alvarez v.s. Michael Chandler
1.4%
Daichi Hashimoto
1.4%
K1 World Grand Prix
1.4%
Mascara Dorada
0%
Obariyan
0%
Mike Dalton
0%
Michael Schiavello
0%

You're not logged in!

Compare scores with friends on all Sporcle quizzes.
Sign Up with Email
OR
Log In

You Might Also Like...

Show Comments

Extras

Top Quizzes Today


Score Distribution

Your Account Isn't Verified!

In order to create a playlist on Sporcle, you need to verify the email address you used during registration. Go to your Sporcle Settings to finish the process.

Report this User

Report this user for behavior that violates our Community Guidelines.

Details: